| 000 | 00855nam a2200217 i 4500 | ||
|---|---|---|---|
| 001 | bg | ||
| 245 | 0 | 0 |
_aPodstawowe informacje ze spisów powszechnych : _bgmina miejska Koszalin, powiat m. Koszalin, województwo zachodniopomorskie / _cUrząd Statystyczny w Szczecinie. |
| 260 |
_aSzczecin : _bUS, _c2003. |
||
| 300 |
_a120 s. ; _c30 cm. |
||
| 490 | 1 | _aNarodowy Spis Powszechny Ludności i Mieszkań, Powszechny Spis Rolny 2002 | |
| 650 | 9 |
_aSpis powszechny _zPolska _ystan na 2002 r. |
|
| 651 | 9 |
_aKoszalin (woj. zachodniopomorskie) _ystan na 2002 r. |
|
| 655 | _aDane statystyczne | ||
| 710 | 0 | _aUrząd Statystyczny (Szczecin) | |
| 830 | _aNarodowy Spis Powszechny Ludności i Mieszkań, Powszechny Spis Rolny 2002 | ||
| 040 | _cBPK | ||
| 041 | 0 | _apol | |
| 080 | _a311.3(438)(083.41) | ||
| 942 | _cKS | ||
| 008 | s pl f |000 0 pol | ||
| 999 |
_c35455 _d35455 |
||
| 856 |
_uhttp://koha.tu.koszalin.pl/cgi-bin/koha/opac-detail.pl?biblionumber=35455 _yKatalog online BPK |
||